Normal view MARC view

Entry Personal Name

Number of records used in: 8

001 - CONTROL NUMBER

  • control field: 29303

003 - CONTROL NUMBER IDENTIFIER

  • control field: dpl

005 - DATE AND TIME OF LATEST TRANSACTION

  • control field: 20110708142537.0

008 - FIXED-LENGTH DATA ELEMENTS

  • fixed length control field: 110708|||a|||||| | ||| d

040 ## - CATALOGING SOURCE

  • Original cataloging agency: dpl
  • Transcribing agency: dpl

100 ## - HEADING--PERSONAL NAME

  • Personal name: कृष्णमूर्ति, ए.जी.

670 ## - SOURCE DATA FOUND

  • Source citation: Work cat.: (dpl)48348: कृष्णमूर्ति, ए.जी. , एक से बढ़कर एक /, 2010

670 ## - SOURCE DATA FOUND

  • Source citation: Work cat.: (dpl)48348: कृष्णमूर्ति, ए.जी. , एक से बढ़कर एक /, 2010

© Delhi Public Library
Hit Counter
free hit counter